书目信息 |
| 题名: |
中国建材专利大全
|
|
| 作者: | 李向烈 主编 | |
| 分册: | ||
| 出版信息: | 武汉 中国建材工业出版社 1999.08 |
|
| 页数: | 1077页 | |
| 开本: | 16开 | |
| 丛书名: | ||
| 单 册: | ||
| 中图分类: | TU5-18 | |
| 科图分类: | ||
| 主题词: | 建筑材料 | |
| 电子资源: | ||
| ISBN: | 7-80090-942-5 | |
| 000 | 00568nam0 2200193 45 | |
| 001 | 0004270959 | |
| 005 | 20000717215353.3 | |
| 010 | @a7-80090-942-5@d150.00元 | |
| 100 | @a20000427d1999 km y0chiy0120 ea | |
| 101 | @achi | |
| 105 | @a z 000yy | |
| 200 | 1 | @a中国建材专利大全@AZhong Guo Jian Cai Zhuan Li Da Quan@f李向烈主编@FLi Xiang Lie Zhu Bian |
| 210 | @a武汉@c中国建材工业出版社@d1999.08 | |
| 215 | @a1077页@d16开 | |
| 606 | 0 | @a建筑材料 |
| 690 | @aTU5-18@v3 | |
| 701 | @a李向烈@4主编 | |
| 801 | @aCN@bPftUser@c20000427 | |
| 905 | @dTU5-18@eL464/1@b73906-907@f2 | |
| 中国建材专利大全/李向烈主编.-武汉:中国建材工业出版社,1999.08 |
| 1077页;16开 |
| ISBN 7-80090-942-5:150.00元 |
| ● |
| 相关链接 |
|
|
|
正题名:中国建材专利大全
索取号:TU5-18/L464/1
 
预约/预借
| 序号 | 登录号 | 条形码 | 馆藏地/架位号 | 状态 | 备注 |
| 1 | 73906 | 200739068 | 建筑库201/201建筑库 3排3列3层/ [索取号:TU5-18/L464/1] | 在馆 | |
| 2 | 73907 | 200739077 | 自科二线404/404自科库 1排3列3层/ [索取号:TU5-18/L464/1] | 在馆 |